[Event "Stay Safe Play From Home 177"]
[Site "T#646359Emanuel Laske"]
[Date "2020.05.26"]
[Round "4"]
[White "matanant"]
[Black "Greblah"]
[Result "0-1"]
[WhiteElo "1708"]
[BlackElo "1799"]
[Annotator "NA RC"]
[PlyCount "122"]
[EventDate "2020.05.26"]
[EventType "swiss (blitz)"]

1. b3 {[%emt 0:00:03]} c6 {[%emt 0:00:00]} 2. Bb2 {[%emt 0:00:00]} d5 {[%emt 0:00:00]} 3. e3 {[%emt 0:00:01]} Nf6 {[%emt 0:00:00]} 4. f4 {[%emt 0:00:00]} g6 {[%emt 0:00:01]} 5. Nf3 {[%emt 0:00:00]} Bg7 {[%emt 0:00:01]} 6. Be2 {[%emt 0:00:01]} O-O {[%emt 0:00:00]} 7. O-O {[%emt 0:00:01]} Nbd7 {[%emt 0:00:02]} 8. c4 {[%emt 0:00:02]} dxc4 {[%emt 0:00:05]} 9. Bxc4 {[%emt 0:00:01]} Nb6 {[%emt 0:00:03]} 10. Be2 {[%emt 0:00:02]} Bf5 {[%emt 0:00:10]} 11. d3 {[%emt 0:00:02]} Ng4 {[%emt 0:00:10]} 12. e4 {[%emt 0:00:03]} Bxb2 {[%emt 0:00:03]} 13. exf5 {[%emt 0:00:08]} Bxa1 {[%emt 0:00:12]} 14. d4 {[%emt 0:00:05]} Ne3 {[%emt 0:00:02]} 15. Qd3 {[%emt 0:00:02]} Nxf1 {[%emt 0:00:03]} 16. Bxf1 {[%emt 0:00:01]} Qd5 {[%emt 0:00:14]} 17. fxg6 {[%emt 0:00:19]} hxg6 {[%emt 0:00:02]} 18. Nbd2 {[%emt 0:00:05]} Rad8 {[%emt 0:00:09]} 19. Ne4 {[%emt 0:00:17]} Bxd4+ {[%emt 0:00:04]} 20. Kh1 {[%emt 0:00:01]} Bg7 {[%emt 0:00:03]} 21. Qe3 {[%emt 0:00:09]} Bd4 {[%emt 0:00:24]} 22. Qe2 {[%emt 0:00:03]} Nd7 {[%emt 0:00:27]} 23. Nfg5 {[%emt 0:00:08]} Nf6 {[%emt 0:00:14]} 24. Nd2 {[%emt 0:00:11]} Nh7 {[%emt 0:00:14]} 25. Ndf3 {[%emt 0:00:02]} Bf6 {[%emt 0:00:05]} 26. Ne4 {[%emt 0:00:08]} Qd1 {[%emt 0:00:13]} 27. Qf2 {[%emt 0:00:02]} Bd4 {[%emt 0:00:13]} 28. Nxd4 {[%emt 0:00:03]} Rxd4 {[%emt 0:00:07]} 29. Nc3 {[%emt 0:00:09]} Qd2 {[%emt 0:00:09]} 30. Ne2 {[%emt 0:00:02]} Rxf4 {[%emt 0:00:11]} 31. Qxf4 {[%emt 0:00:04]} Qxf4 {[%emt 0:00:01]} 32. Nxf4 {[%emt 0:00:01]} e5 {[%emt 0:00:01]} 33. Nd3 {[%emt 0:00:04]} e4 {[%emt 0:00:01]} 34. Nc5 {[%emt 0:00:01]} e3 {[%emt 0:00:01]} 35. Be2 {[%emt 0:00:04]} b6 {[%emt 0:00:02]} 36. Ne4 {[%emt 0:00:09]} f5 {[%emt 0:00:04]} 37. Ng3 {[%emt 0:00:37]} Rd8 {[%emt 0:00:01]} 38. Kg1 {[%emt 0:00:03]} Rd2 {[%emt 0:00:03]} 39. a4 {[%emt 0:00:04]} f4 {[%emt 0:00:04]} 40. Bc4+ {[%emt 0:00:04]} Kg7 {[%emt 0:00:04]} 41. Nf1 {[%emt 0:00:12]} e2 {[%emt 0:00:14]} 42. Bxe2 {[%emt 0:00:02]} Rxe2 {[%emt 0:00:01]} 43. h3 {[%emt 0:00:03]} Rb2 {[%emt 0:00:00]} 44. Nh2 {[%emt 0:00:05]} Rxb3 {[%emt 0:00:01]} 45. Kf2 {[%emt 0:00:00]} Rb4 {[%emt 0:00:01]} 46. Ng4 {[%emt 0:00:01]} Rxa4 {[%emt 0:00:02]} 47. Kf3 {[%emt 0:00:00]} Ra3+ {[%emt 0:00:01]} 48. Kxf4 {[%emt 0:00:01]} Nf6 {[%emt 0:00:01]} 49. Ne5 {[%emt 0:00:00]} Ra4+ {[%emt 0:00:02]} 50. Kg5 {[%emt 0:00:02]} Ra5 {[%emt 0:00:01]} 51. Kf4 {[%emt 0:00:02]} Nh5+ {[%emt 0:00:02]} 52. Ke4 {[%emt 0:00:02]} Rxe5+ {[%emt 0:00:01]} 53. Kxe5 {[%emt 0:00:01]} c5 {[%emt 0:00:02]} 54. g4 {[%emt 0:00:08]} Ng3 {[%emt 0:00:02]} 55. h4 {[%emt 0:00:01]} a5 {[%emt 0:00:02]} 56. Kf4 {[%emt 0:00:00]} Ne2+ {[%emt 0:00:02]} 57. Ke3 {[%emt 0:00:01]} Nc3 {[%emt 0:00:01]} 58. Kd3 {[%emt 0:00:01]} Nd5 {[%emt 0:00:01]} 59. Kc4 {[%emt 0:00:00]} Nf6 {[%emt 0:00:01]} 60. g5 {[%emt 0:00:01]} Nh5 {[%emt 0:00:03]} 61. Kb5 {[%emt 0:00:00]} Nf4 {[%emt 0:00:01] matanant resigns (Lag: Av=0.59s, max=1.3s)} 0-1

[Event "Stay Safe Play From Home 177"]
[Site "T#646359Emanuel Laske"]
[Date "2020.05.26"]
[Round "4"]
[White "Mandy"]
[Black "Haris kollari 13"]
[Result "0-1"]
[WhiteElo "1180"]
[BlackElo "1789"]
[Annotator "NA"]
[PlyCount "38"]
[EventDate "2020.05.26"]
[EventType "swiss (blitz)"]

1. d4 {[%emt 0:00:03]} d5 {[%emt 0:00:01]} 2. Bf4 {[%emt 0:00:02]} c5 {[%emt 0:00:02]} 3. e3 {[%emt 0:00:02]} Nc6 {[%emt 0:00:01]} 4. c3 {[%emt 0:00:01]} Bf5 {[%emt 0:00:01]} 5. Bd3 {[%emt 0:00:05]} Bg6 {[%emt 0:00:01]} 6. Nf3 {[%emt 0:00:02]} e6 {[%emt 0:00:01]} 7. e4 {[%emt 0:00:05]} c4 {[%emt 0:00:02]} 8. Bc2 {[%emt 0:00:06]} Nf6 {[%emt 0:00:14]} 9. e5 {[%emt 0:00:05]} Nd7 {[%emt 0:00:01]} 10. Bg5 {[%emt 0:00:05]} Be7 {[%emt 0:00:02]} 11. h3 {[%emt 0:00:09]} Bxg5 {[%emt 0:00:02]} 12. h4 {[%emt 0:00:18]} Be7 {[%emt 0:00:02]} 13. Ng5 {[%emt 0:00:04]} Bxg5 {[%emt 0:00:06]} 14. hxg5 {[%emt 0:00:05]} Qxg5 {[%emt 0:00:02]} 15. f4 {[%emt 0:00:01]} Qg3+ {[%emt 0:00:04]} 16. Kf1 {[%emt 0:00:05]} Qxf4+ {[%emt 0:00:02]} 17. Kg1 {[%emt 0:00:11]} O-O-O {[%emt 0:00:08]} 18. Bxg6 {[%emt 0:00:03]} Qe3+ {[%emt 0:00:04]} 19. Kh2 {[%emt 0:00:04]} hxg6+ {[%emt 0:00:02] Mandy gibt auf (Lag: Av=0.42s, max=0.5s)} 0-1

[Event "Stay Safe Play From Home 177"]
[Site "T#646359Emanuel Laske"]
[Date "2020.05.26"]
[Round "5"]
[White "Opalus"]
[Black "Tunca"]
[Result "1-0"]
[WhiteElo "2040"]
[BlackElo "1827"]
[PlyCount "57"]
[EventDate "2020.05.26"]
[EventType "swiss (blitz)"]

1. Nf3 {[%emt 0:00:05]} d6 {[%emt 0:00:02]} 2. e3 {[%emt 0:00:02]} e5 {[%emt 0:00:01]} 3. c4 {[%emt 0:00:04]} Nc6 {[%emt 0:00:03]} 4. Nc3 {[%emt 0:00:04]} Be6 {[%emt 0:00:10]} 5. Be2 {[%emt 0:00:10]} f5 {[%emt 0:00:09]} 6. d4 {[%emt 0:00:05]} e4 {[%emt 0:00:02]} 7. d5 {[%emt 0:00:04]} exf3 {[%emt 0:00:02]} 8. Bxf3 {[%emt 0:00:01]} Bd7 {[%emt 0:00:03]} 9. dxc6 {[%emt 0:00:02]} Bxc6 {[%emt 0:00:01]} 10. O-O {[%emt 0:00:05]} Nf6 {[%emt 0:00:03]} 11. Bxc6+ {[%emt 0:00:03]} bxc6 {[%emt 0:00:01]} 12. Qf3 {[%emt 0:00:02]} Qd7 {[%emt 0:00:07]} 13. e4 {[%emt 0:00:04]} fxe4 {[%emt 0:00:27]} 14. Nxe4 {[%emt 0:00:00]} Be7 {[%emt 0:00:05]} 15. Nxf6+ {[%emt 0:00:05]} Bxf6 {[%emt 0:00:03]} 16. Re1+ {[%emt 0:00:01]} Kd8 {[%emt 0:00:17]} 17. Bd2 {[%emt 0:00:34]} Rb8 {[%emt 0:00:19]} 18. Rab1 {[%emt 0:00:08]} Re8 {[%emt 0:00:11]} 19. b4 {[%emt 0:00:19]} Re6 {[%emt 0:00:38]} 20. Rxe6 {[%emt 0:00:09]} Qxe6 {[%emt 0:00:01]} 21. Qxc6 {[%emt 0:00:25]} Rb6 {[%emt 0:00:30]} 22. Qa8+ {[%emt 0:00:11]} Kd7 {[%emt 0:00:01]} 23. Re1 {[%emt 0:00:04]} Be5 {[%emt 0:00:12]} 24. f4 {[%emt 0:00:05]} Bd4+ {[%emt 0:00:03]} 25. Kh1 {[%emt 0:00:01]} Qf7 {[%emt 0:00:07]} 26. b5 {[%emt 0:00:13]} h5 {[%emt 0:00:10]} 27. a4 {[%emt 0:00:13]} d5 {[%emt 0:00:06]} 28. Bb4 {[%emt 0:00:10]} Re6 {[%emt 0:00:04]} 29. Qxd5+ {[%emt 0:00:08] Time (Lag: Av=0.59s, max=1.6s)} 1-0

[Event "Stay Safe Play From Home 177"]
[Site "T#646359Emanuel Laske"]
[Date "2020.05.26"]
[Round "5"]
[White "Feldmaus"]
[Black "Haxhi Baha"]
[Result "0-1"]
[WhiteElo "1835"]
[BlackElo "1997"]
[PlyCount "60"]
[EventDate "2020.05.26"]
[EventType "swiss (blitz)"]

1. d4 {[%emt 0:00:04]} d5 {[%emt 0:00:01]} 2. Nf3 {[%emt 0:00:02]} Bf5 {[%emt 0:00:03]} 3. c3 {[%emt 0:00:02]} e6 {[%emt 0:00:02]} 4. Bg5 {[%emt 0:00:01]} Be7 {[%emt 0:00:01]} 5. Bxe7 {[%emt 0:00:02]} Qxe7 {[%emt 0:00:00]} 6. Nbd2 {[%emt 0:00:01]} Nd7 {[%emt 0:00:02]} 7. Qb3 {[%emt 0:00:02]} b6 {[%emt 0:00:04]} 8. e3 {[%emt 0:00:02]} Ngf6 {[%emt 0:00:04]} 9. Bb5 {[%emt 0:00:01]} O-O {[%emt 0:00:03]} 10. Bc6 {[%emt 0:00:04]} Rab8 {[%emt 0:00:07]} 11. O-O {[%emt 0:00:03]} Qd6 {[%emt 0:00:09]} 12. Bxd7 {[%emt 0:00:04]} Nxd7 {[%emt 0:00:00]} 13. Rfe1 {[%emt 0:00:02]} c5 {[%emt 0:00:09]} 14. e4 {[%emt 0:00:05]} dxe4 {[%emt 0:00:01]} 15. Nxe4 {[%emt 0:00:02]} Qf4 {[%emt 0:00:05]} 16. Ng3 {[%emt 0:00:11]} Bd3 {[%emt 0:00:22]} 17. Re3 {[%emt 0:00:07]} c4 {[%emt 0:00:02]} 18. Qb4 {[%emt 0:00:02]} Qc7 {[%emt 0:00:14]} 19. Rae1 {[%emt 0:00:06]} Nf6 {[%emt 0:00:07]} 20. Qa3 {[%emt 0:00:11]} a5 {[%emt 0:00:08]} 21. Ne5 {[%emt 0:00:04]} Nd5 {[%emt 0:00:07]} 22. Rf3 {[%emt 0:00:12]} Bc2 {[%emt 0:00:19]} 23. Re2 {[%emt 0:00:11]} Bd1 {[%emt 0:00:03]} 24. Ree3 {[%emt 0:00:41]} Bxf3 {[%emt 0:00:05]} 25. Rxf3 {[%emt 0:00:01]} b5 {[%emt 0:00:07]} 26. Ne4 {[%emt 0:00:19]} b4 {[%emt 0:00:04]} 27. cxb4 {[%emt 0:00:06]} axb4 {[%emt 0:00:00]} 28. Qa6 {[%emt 0:00:07]} c3 {[%emt 0:00:20]} 29. bxc3 {[%emt 0:00:09]} bxc3 {[%emt 0:00:00]} 30. Qd3 {[%emt 0:00:08]} c2 {[%emt 0:00:08] Feldmaus gibt auf (Lag: Av=0.97s, max=1.5s)} 0-1

[Event "Stay Safe Play From Home 177"]
[Site "T#646359Emanuel Laske"]
[Date "2020.05.26"]
[Round "5"]
[White "Greblah"]
[Black "Lazieri3"]
[Result "0-1"]
[WhiteElo "1812"]
[BlackElo "2003"]
[PlyCount "94"]
[EventDate "2020.05.26"]
[EventType "swiss (blitz)"]

1. e4 {[%emt 0:00:01]} c6 {[%emt 0:00:01]} 2. d4 {[%emt 0:00:01]} d5 {[%emt 0:00:00]} 3. exd5 {[%emt 0:00:01]} cxd5 {[%emt 0:00:00]} 4. Bd3 {[%emt 0:00:01]} Nc6 {[%emt 0:00:00]} 5. c3 {[%emt 0:00:01]} Nf6 {[%emt 0:00:01]} 6. Ne2 {[%emt 0:00:01]} Bg4 {[%emt 0:00:01]} 7. O-O {[%emt 0:00:01]} e6 {[%emt 0:00:01]} 8. Qe1 {[%emt 0:00:01]} Bd6 {[%emt 0:00:01]} 9. f3 {[%emt 0:00:05]} Bh5 {[%emt 0:00:01]} 10. Qh4 {[%emt 0:00:03]} O-O {[%emt 0:00:45]} 11. Nf4 {[%emt 0:01:19]} Bxf4 {[%emt 0:00:09]} 12. Bxf4 {[%emt 0:00:02]} Bg6 {[%emt 0:00:00]} 13. Bxg6 {[%emt 0:00:04]} hxg6 {[%emt 0:00:00]} 14. Bg5 {[%emt 0:00:02]} Re8 {[%emt 0:00:03]} 15. f4 {[%emt 0:00:01]} Qb6 {[%emt 0:00:59]} 16. Rf2 {[%emt 0:01:22]} Ne4 {[%emt 0:00:03]} 17. Re2 {[%emt 0:00:12]} Nxg5 {[%emt 0:00:29]} 18. fxg5 {[%emt 0:00:05]} e5 {[%emt 0:00:03]} 19. Nd2 {[%emt 0:00:07]} exd4 {[%emt 0:00:02]} 20. Rxe8+ {[%emt 0:00:02]} Rxe8 {[%emt 0:00:02]} 21. cxd4 {[%emt 0:00:01]} Qxd4+ {[%emt 0:00:01]} 22. Qxd4 {[%emt 0:00:02]} Nxd4 {[%emt 0:00:00]} 23. Rf1 {[%emt 0:00:04]} Re2 {[%emt 0:00:08]} 24. Rf2 {[%emt 0:00:03]} Rxf2 {[%emt 0:00:08]} 25. Kxf2 {[%emt 0:00:01]} Ne6 {[%emt 0:00:01]} 26. h4 {[%emt 0:00:02]} Kf8 {[%emt 0:00:01]} 27. Ke3 {[%emt 0:00:01]} Ke7 {[%emt 0:00:01]} 28. Nb3 {[%emt 0:00:01]} Kd6 {[%emt 0:00:04]} 29. Na5 {[%emt 0:00:03]} b6 {[%emt 0:00:04]} 30. Nb3 {[%emt 0:00:02]} a5 {[%emt 0:00:03]} 31. g3 {[%emt 0:00:01]} a4 {[%emt 0:00:03]} 32. Nc1 {[%emt 0:00:02]} Ke5 {[%emt 0:00:01]} 33. Ne2 {[%emt 0:00:02]} d4+ {[%emt 0:00:01]} 34. Kd3 {[%emt 0:00:04]} b5 {[%emt 0:00:02]} 35. Nc1 {[%emt 0:00:03]} Nc5+ {[%emt 0:00:02]} 36. Ke2 {[%emt 0:00:01]} Ke4 {[%emt 0:00:02]} 37. b4 {[%emt 0:00:03]} axb3 {[%emt 0:00:01]} 38. axb3 {[%emt 0:00:01]} d3+ {[%emt 0:00:02]} 39. Kd2 {[%emt 0:00:01]} Kd4 {[%emt 0:00:01]} 40. b4 {[%emt 0:00:01]} Ne4+ {[%emt 0:00:02]} 41. Kd1 {[%emt 0:00:01]} Nxg3 {[%emt 0:00:02]} 42. Nb3+ {[%emt 0:00:02]} Kc3 {[%emt 0:00:01]} 43. Nc5 {[%emt 0:00:01]} d2 {[%emt 0:00:07]} 44. Nd7 {[%emt 0:00:10]} Nf5 {[%emt 0:00:03]} 45. Ne5 {[%emt 0:00:02]} Ne3+ {[%emt 0:00:01]} 46. Ke2 {[%emt 0:00:01]} d1=Q+ {[%emt 0:00:00]} 47. Kxe3 {[%emt 0:00:00]} Qd4+ {[%emt 0:00:01] Greblah gibt auf (Lag: Av=0.45s, max=1.4s)} 0-1

[Event "Stay Safe Play From Home 177"]
[Site "T#646359Emanuel Laske"]
[Date "2020.05.26"]
[Round "5"]
[White "Tvtower68"]
[Black "Don59as"]
[Result "0-1"]
[WhiteElo "1784"]
[BlackElo "2059"]
[Annotator "NA"]
[PlyCount "62"]
[EventDate "2020.05.26"]
[EventType "swiss (blitz)"]

1. e4 {[%emt 0:00:02]} e5 {[%emt 0:00:01]} 2. Nf3 {[%emt 0:00:01]} Nc6 {[%emt 0:00:01]} 3. Bc4 {[%emt 0:00:01]} d6 {[%emt 0:00:02]} 4. Nc3 {[%emt 0:00:01]} Be7 {[%emt 0:00:01]} 5. O-O {[%emt 0:00:01]} Nf6 {[%emt 0:00:01]} 6. h3 {[%emt 0:00:01]} O-O {[%emt 0:00:01]} 7. Re1 {[%emt 0:00:01]} h6 {[%emt 0:00:01]} 8. a3 {[%emt 0:00:01]} a6 {[%emt 0:00:01]} 9. b4 {[%emt 0:00:01]} Be6 {[%emt 0:00:01]} 10. Nd5 {[%emt 0:00:04]} Bxd5 {[%emt 0:00:05]} 11. exd5 {[%emt 0:00:04]} Nb8 {[%emt 0:00:01]} 12. Bb3 {[%emt 0:00:03]} Nbd7 {[%emt 0:00:01]} 13. d3 {[%emt 0:00:04]} Nh7 {[%emt 0:00:07]} 14. Nh2 {[%emt 0:00:12]} f5 {[%emt 0:00:02]} 15. Qh5 {[%emt 0:00:12]} f4 {[%emt 0:00:14]} 16. Bb2 {[%emt 0:00:24]} Bg5 {[%emt 0:00:26]} 17. d4 {[%emt 0:00:06]} Ndf6 {[%emt 0:00:06]} 18. Qd1 {[%emt 0:00:11]} e4 {[%emt 0:00:02]} 19. Ng4 {[%emt 0:00:16]} Qd7 {[%emt 0:00:06]} 20. Nh2 {[%emt 0:00:08]} Rae8 {[%emt 0:00:02]} 21. c4 {[%emt 0:00:13]} f3 {[%emt 0:00:02]} 22. Ba4 {[%emt 0:00:02]} b5 {[%emt 0:00:02]} 23. cxb5 {[%emt 0:00:01]} axb5 {[%emt 0:00:00]} 24. Bc2 {[%emt 0:00:06]} fxg2 {[%emt 0:00:05]} 25. Kxg2 {[%emt 0:00:01]} Bf4 {[%emt 0:00:11]} 26. Nf1 {[%emt 0:00:13]} Ng5 {[%emt 0:00:04]} 27. Re3 {[%emt 0:01:07]} Bxe3 {[%emt 0:00:04]} 28. fxe3 {[%emt 0:00:12]} Qxh3+ {[%emt 0:00:05]} 29. Kf2 {[%emt 0:00:01]} Ng4+ {[%emt 0:00:12]} 30. Ke2 {[%emt 0:00:01]} Qg2+ {[%emt 0:00:07]} 31. Ke1 {[%emt 0:00:04]} Qf2# {[%emt 0:00:04] (Lag: Av=0.49s, max=0.8s)} 0-1

[Event "Stay Safe Play From Home 177"]
[Site "T#646359Emanuel Laske"]
[Date "2020.05.26"]
[Round "5"]
[White "Mest"]
[Black "matanant"]
[Result "1-0"]
[WhiteElo "1650"]
[BlackElo "1695"]
[Annotator "NA"]
[PlyCount "85"]
[EventDate "2020.05.26"]
[EventType "swiss (blitz)"]

1. e4 {[%emt 0:00:06]} e5 {[%emt 0:00:03]} 2. Bc4 {[%emt 0:00:02]} Nf6 {[%emt 0:00:02]} 3. d3 {[%emt 0:00:01]} c6 {[%emt 0:00:04]} 4. Nc3 {[%emt 0:00:03]} d5 {[%emt 0:00:01]} 5. exd5 {[%emt 0:00:01]} cxd5 {[%emt 0:00:00]} 6. Bb5+ {[%emt 0:00:01]} Bd7 {[%emt 0:00:01]} 7. Bxd7+ {[%emt 0:00:01]} Nbxd7 {[%emt 0:00:02]} 8. Nge2 {[%emt 0:00:00]} Bc5 {[%emt 0:00:03]} 9. O-O {[%emt 0:00:01]} b5 {[%emt 0:00:02]} 10. Nxb5 {[%emt 0:00:03]} O-O {[%emt 0:00:04]} 11. Nbc3 {[%emt 0:00:09]} a5 {[%emt 0:00:02]} 12. Ng3 {[%emt 0:00:01]} a4 {[%emt 0:00:01]} 13. a3 {[%emt 0:00:01]} Qb6 {[%emt 0:00:02]} 14. h3 {[%emt 0:00:02]} Rfb8 {[%emt 0:00:04]} 15. Nh5 {[%emt 0:00:33]} Bd4 {[%emt 0:00:15]} 16. Nxf6+ {[%emt 0:00:11]} Nxf6 {[%emt 0:00:02]} 17. Qe2 {[%emt 0:00:02]} Qc5 {[%emt 0:00:09]} 18. Bg5 {[%emt 0:00:08]} Rxb2 {[%emt 0:00:15]} 19. Bxf6 {[%emt 0:00:02]} gxf6 {[%emt 0:00:01]} 20. Qg4+ {[%emt 0:00:09]} Kf8 {[%emt 0:00:03]} 21. Ne2 {[%emt 0:00:01]} Rxc2 {[%emt 0:00:03]} 22. Nxd4 {[%emt 0:00:01]} Qxd4 {[%emt 0:00:02]} 23. Qf5 {[%emt 0:00:05]} Ke7 {[%emt 0:00:02]} 24. Rab1 {[%emt 0:00:03]} Rac8 {[%emt 0:00:02]} 25. Rb4 {[%emt 0:00:10]} Qc5 {[%emt 0:00:07]} 26. d4 {[%emt 0:00:10]} Qd6 {[%emt 0:00:06]} 27. Qxh7 {[%emt 0:00:08]} Ra2 {[%emt 0:00:15]} 28. Qf5 {[%emt 0:00:09]} Rc7 {[%emt 0:00:07]} 29. dxe5 {[%emt 0:00:03]} fxe5 {[%emt 0:00:02]} 30. Rxa4 {[%emt 0:00:04]} d4 {[%emt 0:00:15]} 31. Re1 {[%emt 0:00:02]} f6 {[%emt 0:00:03]} 32. Ra8 {[%emt 0:00:11]} Qe6 {[%emt 0:00:09]} 33. Qh7+ {[%emt 0:00:05]} Kd6 {[%emt 0:00:02]} 34. Rd8+ {[%emt 0:00:04]} Rd7 {[%emt 0:00:21]} 35. Rxd7+ {[%emt 0:00:18]} Qxd7 {[%emt 0:00:02]} 36. Qd3 {[%emt 0:00:05]} Qa4 {[%emt 0:00:06]} 37. Qf5 {[%emt 0:00:08]} Ke7 {[%emt 0:00:06]} 38. f4 {[%emt 0:00:06]} d3 {[%emt 0:00:16]} 39. fxe5 {[%emt 0:00:03]} Qd4+ {[%emt 0:00:18]} 40. Kh1 {[%emt 0:00:04]} d2 {[%emt 0:00:01]} 41. exf6+ {[%emt 0:00:08]} Kf7 {[%emt 0:00:02]} 42. Re7+ {[%emt 0:00:08]} Kg8 {[%emt 0:00:20]} 43. Qc8+ {[%emt 0:00:02] matanant resigns (Lag: Av=0.71s, max=1.2s)} 1-0

[Event "Stay Safe Play From Home 177"]
[Site "T#646359Emanuel Laske"]
[Date "2020.05.26"]
[Round "5"]
[White "Andrei_2011 Alex"]
[Black "Haris kollari 13"]
[Result "0-1"]
[WhiteElo "1512"]
[BlackElo "1790"]
[Annotator "NA"]
[PlyCount "38"]
[EventDate "2020.05.26"]
[EventType "swiss (blitz)"]

1. d4 {[%emt 0:00:07]} d5 {[%emt 0:00:02]} 2. c4 {[%emt 0:00:03]} e5 {[%emt 0:00:02]} 3. cxd5 {[%emt 0:00:03]} Qxd5 {[%emt 0:00:03]} 4. dxe5 {[%emt 0:00:05]} Qxd1+ {[%emt 0:00:04]} 5. Kxd1 {[%emt 0:00:02]} Nc6 {[%emt 0:00:01]} 6. Nf3 {[%emt 0:00:04]} Bg4 {[%emt 0:00:01]} 7. Ke1 {[%emt 0:00:10]} O-O-O {[%emt 0:00:05]} 8. Nc3 {[%emt 0:00:12]} Nb4 {[%emt 0:00:27]} 9. Bd2 {[%emt 0:00:41]} Nc2+ {[%emt 0:00:04]} 10. Kd1 {[%emt 0:00:06]} Nxa1 {[%emt 0:00:01]} 11. Kc1 {[%emt 0:00:04]} Bxf3 {[%emt 0:00:02]} 12. gxf3 {[%emt 0:00:04]} Bb4 {[%emt 0:00:01]} 13. Kb1 {[%emt 0:00:06]} Rxd2 {[%emt 0:00:03]} 14. Kxa1 {[%emt 0:00:05]} Ne7 {[%emt 0:00:09]} 15. Bh3+ {[%emt 0:00:28]} Kb8 {[%emt 0:00:02]} 16. Rd1 {[%emt 0:00:15]} Bxc3 {[%emt 0:00:03]} 17. Rxd2 {[%emt 0:00:02]} Bxd2 {[%emt 0:00:01]} 18. Kb1 {[%emt 0:00:04]} Nc6 {[%emt 0:00:04]} 19. Kc2 {[%emt 0:00:02]} Bf4 {[%emt 0:00:01] Andrei_2011 Alex resigns (Lag: Av=0.68s, max=0.7s)} 0-1

[Event "Stay Safe Play From Home 177"]
[Site "T#646359Emanuel Laske"]
[Date "2020.05.26"]
[Round "6"]
[White "Don59as"]
[Black "Tunca"]
[Result "1-0"]
[WhiteElo "2064"]
[BlackElo "1819"]
[Annotator "NA"]
[PlyCount "33"]
[EventDate "2020.05.26"]
[EventType "swiss (blitz)"]

1. c4 {[%emt 0:00:02]} d6 {[%emt 0:00:04]} 2. Nc3 {[%emt 0:00:01]} e5 {[%emt 0:00:07]} 3. g3 {[%emt 0:00:01]} f5 {[%emt 0:00:01]} 4. Bg2 {[%emt 0:00:01]} Nf6 {[%emt 0:00:00]} 5. e3 {[%emt 0:00:01]} Be7 {[%emt 0:00:00]} 6. Nge2 {[%emt 0:00:01]} O-O {[%emt 0:00:00]} 7. O-O {[%emt 0:00:01]} Qe8 {[%emt 0:00:04]} 8. b3 {[%emt 0:00:01]} Kh8 {[%emt 0:00:04]} 9. Bb2 {[%emt 0:00:01]} Qh5 {[%emt 0:00:01]} 10. d4 {[%emt 0:00:03]} Nc6 {[%emt 0:00:04]} 11. Nd5 {[%emt 0:00:02]} Bd8 {[%emt 0:00:05]} 12. Nxf6 {[%emt 0:00:14]} Bxf6 {[%emt 0:00:04]} 13. dxe5 {[%emt 0:00:07]} dxe5 {[%emt 0:00:01]} 14. f4 {[%emt 0:00:07]} e4 {[%emt 0:00:34]} 15. Bxf6 {[%emt 0:00:02]} Rxf6 {[%emt 0:00:01]} 16. Nd4 {[%emt 0:00:02]} Rf8 {[%emt 0:00:06]} 17. Qxh5 {[%emt 0:00:02] Tunca resigns (Lag: Av=0.46s, max=0.9s)} 1-0

[Event "Stay Safe Play From Home 177"]
[Site "T#646359Emanuel Laske"]
[Date "2020.05.26"]
[Round "6"]
[White "Lazieri3"]
[Black "Mest"]
[Result "1-0"]
[WhiteElo "2011"]
[BlackElo "1670"]
[PlyCount "37"]
[EventDate "2020.05.26"]
[EventType "swiss (blitz)"]

1. e4 {[%emt 0:00:12]} d5 {[%emt 0:00:02]} 2. exd5 {[%emt 0:00:01]} Qxd5 {[%emt 0:00:02]} 3. Nc3 {[%emt 0:00:00]} Qd8 {[%emt 0:00:02]} 4. Nf3 {[%emt 0:00:00]} Nf6 {[%emt 0:00:02]} 5. d4 {[%emt 0:00:00]} g6 {[%emt 0:00:01]} 6. Be3 {[%emt 0:00:10]} Bg7 {[%emt 0:00:01]} 7. Qd2 {[%emt 0:00:01]} O-O {[%emt 0:00:01]} 8. Bh6 {[%emt 0:00:00]} a5 {[%emt 0:00:06]} 9. h4 {[%emt 0:00:01]} Bg4 {[%emt 0:00:03]} 10. Be2 {[%emt 0:00:01]} b6 {[%emt 0:00:02]} 11. h5 {[%emt 0:00:01]} Bxh5 {[%emt 0:00:03]} 12. g4 {[%emt 0:00:01]} Bxg4 {[%emt 0:00:03]} 13. Bxg7 {[%emt 0:00:01]} Kxg7 {[%emt 0:00:04]} 14. Qh6+ {[%emt 0:00:02]} Kg8 {[%emt 0:00:01]} 15. Ng5 {[%emt 0:00:01]} Bxe2 {[%emt 0:00:18]} 16. Nxe2 {[%emt 0:00:09]} Qd5 {[%emt 0:00:38]} 17. O-O-O {[%emt 0:00:15]} Qxa2 {[%emt 0:01:09]} 18. Nxh7 {[%emt 0:00:02]} Nh5 {[%emt 0:00:18]} 19. Rxh5 {[%emt 0:00:22] Mest terk eder (Lag: Av=0.64s, max=1.0s)} 1-0

[Event "Stay Safe Play From Home 177"]
[Site "T#646359Emanuel Laske"]
[Date "2020.05.26"]
[Round "6"]
[White "Haxhi Baha"]
[Black "Opalus"]
[Result "0-1"]
[WhiteElo "2007"]
[BlackElo "2066"]
[Annotator "NA"]
[PlyCount "60"]
[EventDate "2020.05.26"]
[EventType "swiss (blitz)"]

1. e4 {[%emt 0:00:07]} e6 {[%emt 0:00:02]} 2. d4 {[%emt 0:00:01]} d5 {[%emt 0:00:02]} 3. exd5 {[%emt 0:00:00]} exd5 {[%emt 0:00:02]} 4. Nf3 {[%emt 0:00:00]} Nf6 {[%emt 0:00:03]} 5. Bd3 {[%emt 0:00:01]} Bd6 {[%emt 0:00:04]} 6. O-O {[%emt 0:00:01]} O-O {[%emt 0:00:02]} 7. h3 {[%emt 0:00:01]} h6 {[%emt 0:00:05]} 8. Re1 {[%emt 0:00:01]} c5 {[%emt 0:00:03]} 9. c3 {[%emt 0:00:08]} cxd4 {[%emt 0:00:04]} 10. cxd4 {[%emt 0:00:01]} Nc6 {[%emt 0:00:02]} 11. Nc3 {[%emt 0:00:02]} a6 {[%emt 0:00:02]} 12. a3 {[%emt 0:00:02]} Be6 {[%emt 0:00:06]} 13. Be3 {[%emt 0:00:04]} Rc8 {[%emt 0:00:10]} 14. Qd2 {[%emt 0:00:01]} Re8 {[%emt 0:00:03]} 15. b4 {[%emt 0:00:14]} a5 {[%emt 0:00:05]} 16. b5 {[%emt 0:00:02]} Ne7 {[%emt 0:00:03]} 17. Bxh6 {[%emt 0:00:14]} gxh6 {[%emt 0:00:13]} 18. Qxh6 {[%emt 0:00:00]} Nf5 {[%emt 0:00:04]} 19. Qg5+ {[%emt 0:00:19]} Ng7 {[%emt 0:00:06]} 20. Na4 {[%emt 0:00:39]} Ne4 {[%emt 0:00:46]} 21. Qe3 {[%emt 0:00:42]} Bxh3 {[%emt 0:00:08]} 22. gxh3 {[%emt 0:00:15]} Nf5 {[%emt 0:00:18]} 23. Qe2 {[%emt 0:00:14]} Qf6 {[%emt 0:00:16]} 24. Bxe4 {[%emt 0:00:22]} Rxe4 {[%emt 0:00:04]} 25. Qd3 {[%emt 0:00:01]} Nxd4 {[%emt 0:00:04]} 26. Nxd4 {[%emt 0:00:11]} Qg6+ {[%emt 0:00:17]} 27. Kh1 {[%emt 0:00:03]} Rxe1+ {[%emt 0:00:04]} 28. Rxe1 {[%emt 0:00:02]} Qxd3 {[%emt 0:00:01]} 29. Rg1+ {[%emt 0:00:00]} Kh8 {[%emt 0:00:03]} 30. Nb6 {[%emt 0:00:03]} Qxh3# {[%emt 0:00:03] (Lag: Av=0.89s, max=3.6s)} 0-1